Statistics for Word Vocabulary - BE

Click here to take the quiz!

General Stats

  • This quiz has been taken 772 times
  • The average score is 27 of 38

Answer Stats

word% Correct
be
100%
bee
99%
bel
97%
bear
94%
ben
93%
beat
92%
best
92%
bet
92%
bean
91%
bell
91%
bead
90%
beam
89%
bed
89%
beer
88%
been
87%
beak
86%
beg
86%
beast
84%
beep
83%
beet
83%
beef
80%
bent
78%
bend
77%
belt
76%
beck
72%
beach
66%
beard
55%
beau
54%
bench
50%
beech
45%
belch
41%
berg
37%
belle
35%
berm
34%
beaut
33%
berth
30%
beige
27%
beaux
19%

Score Distribution

Percentile by Number Answered

Percent of People with Each Score

Your Score History

You have not taken this quiz